| 000 | 00937nam a2200265 a 4500 | ||
|---|---|---|---|
| 003 | MX-MxUPN | ||
| 005 | 20240830121706.0 | ||
| 008 | 991125s1892 MX a fr 001 0 spa d | ||
| 035 | _aUPN01000034285 | ||
| 040 |
_aMX-MxUPN _bspa _cMX-MxUPN |
||
| 041 | _aspa | ||
| 050 | 4 |
_aLB1139 W7 _bF4.4 1892 |
|
| 100 | 1 |
_aFlores González, Pedro _952415 |
|
| 245 | 1 | 0 | _aLectura de manuscritos |
| 260 |
_aMadrid : _bSaturnino Calleja ; _aMéxico : _bGuillermo Herrero y Cie, _c1892. |
||
| 300 |
_a133 páginas : _bilustraciones |
||
| 500 | _a"Contiene estilo de cartas, modelo de facturas, recibos, pagarés y documentos útiles que pueden redactar sin necesidad de notario ni abogado" | ||
| 504 | _aIncluye indice. | ||
| 650 | 0 |
_aEscritura _xEnseñanza correctiva _913110 |
|
| 650 | 4 |
_aEscritura _xEstudio y enseñanza (Elemental) _92804 |
|
| 902 | _bMaríaRobles/300824 | ||
| 905 | _aLibro | ||
| 942 |
_2lcc _cLIBRO _n0 |
||
| 999 |
_c34285 _d34285 |
||